000 00618cab a2200205 4500
001 WB2610-21
008 090401t1990 xxu||||| |||| 00| 0 eng d
035 _a(Sirsi) u3456
041 _aeng
245 _aInheritance widens north-south gap
260 _c1990
350 _a0
490 _aIndependent
_v8/3/90 p6 (2)
520 _aResearch by the Centre for Urban and Regional Studies at Birmingham University reveals that a boom in house inheritance in the South East is widening the north-south divide .
650 _aECONOMY
650 _aWEALTH
690 _aHOUSING
942 _n0
948 _c04/03/1997
999 _c2124
_d2124